Síremléket állítottak Szegeden Kiss Ernőnek a kommunista mártír sírkövét vasárnap avatják

Elmentve itt :
Bibliográfiai részletek
Dokumentumtípus: Cikk
Megjelent: 1967-10-06
Sorozat:Délmagyarország 57 No. 236
Kulcsszavak:Kiss Ernő, Gajsin Grozdana, Hofgesang Péter, Kiss Piroska, Emlékünnepség koszorúzás 1967, forradalmi harcosok, veteránok
Online Access:http://dmarchiv.bibl.u-szeged.hu/62327
LEADER 00589nab a2200145 i 4500
001 delm62327
005 20180927151316.0
008 180927s1967 hu o 0|| hun d
040 |a SZTE Délmagyarország Archívum  |b hun 
041 |a hun 
245 0 0 |a Síremléket állítottak Szegeden Kiss Ernőnek   |h [elektronikus dokumentum] :  |b a kommunista mártír sírkövét vasárnap avatják 
260 |c 1967-10-06 
300 |a 5 
490 0 |a Délmagyarország  |v 57 No. 236 
695 |a Kiss Ernő, Gajsin Grozdana, Hofgesang Péter, Kiss Piroska, Emlékünnepség koszorúzás 1967, forradalmi harcosok, veteránok